000 00254nam a22000977a 4500
100 _aഎം ടി വാസുദേവൻ‌ നായർ
245 _aരണ്ടാമുഴം
650 _aRandamoozham
700 _aVasudevan Nair, M.T
942 _cBK
999 _c14054
_d14054